| 000 | 00554nam a2200169Ia 4500 | ||
|---|---|---|---|
| 003 | LK-CoDNM | ||
| 008 | 010623t2005 xxu||||| |||| 00| 1 sin d | ||
| 040 |
_aLK-CoDNM _dLK-CoDNM _eLK-CoDNM |
||
| 041 | _asin | ||
| 080 | _aX 398 (72) | ||
| 100 | _aBentharage,Layanel | ||
| 245 | _aපහතරට ශාන්තිකර්මවල වාස්තු විද්යාත්මක ලක්ෂණ | ||
| 246 | _aPahatharata Shantikarmawala Wastu Vidyathmaka Lakshana | ||
| 260 |
_bAuthor _aHorana _c2005 |
||
| 300 | _b328p, 30 cm | ||
| 942 | _cBK | ||
| 999 |
_c124829 _d124829 |
||